Well-Known Countries with Obscure Flags - Statistics

General Stats
  • This quiz has been taken 25 times
  • The average score is 10 of 22
Answer Stats
% Difference Countries % Correct
21 Democratic Republic of the Congo
67%
21 Egypt
67%
28 Chile
63%
21 Iran
63%
28 Niger
63%
22 Morocco
58%
36 Republic of the Congo
58%
25 Colombia
50%
26 Peru
50%
31 Afghanistan
46%
22 Cuba
46%
22 North Korea
46%
31 Sudan
46%
44 Bolivia
42%
21 Haiti
42%
39 Mongolia
42%
30 Madagascar
38%
26 Ukraine
33%
27 Paraguay
29%
28 Portugal
29%
23 Lithuania
21%
27 Dominica
13%
No matching quizzes found
Score Distribution
Percent of People with Each Score
Percentile by Number Answered
Your Score History
You have not taken this quiz